Subsystem analysis of the deindustrialization trends and their drivers in European countries

Salvato in:
Dettagli Bibliografici
Autore principale: Lábaj, Martin, 1982-
Altri autori: Stracová, Erika, 1993-
Natura: Capitolo di libro
Lingua:inglese
Soggetti:
Tags: Aggiungi Tag
Nessun Tag, puoi essere il primo ad aggiungerne!!

MARC

LEADER 00000nla a2200000 4500
001 0240098
005 20240722115159.4
041 0 |a eng 
044 |a SK 
245 1 0 |a Subsystem analysis of the deindustrialization trends and their drivers in European countries  |c Martin Lábaj, Erika Stracová 
500 |a Abstrakt 
610 2 0 |a priemysel 
610 2 0 |a analýzy 
610 2 0 |a obchod zahraničný 
610 2 0 |a trh 
610 2 0 |a deindustralizácia 
100 1 |a Lábaj, Martin, 1982- 
700 1 |a Stracová, Erika, 1993-